=LDR 00000nam 2200000 4500 =001 INLIS000000000005371 =005 20201019083918 =035 ##$$a 0010-061300000005371 =008 201019################g##########0#ind## =041 ##$$a Ind =082 ##$$a 320.507 =090 ##$$a 320.507, Abu p =100 1#$$a Abubakar, Suardi =245 1#$$a PPKn, 1 untuk kelas 1 SMU /$c Suardi Abubakar. -- =650 #4$$a PPKn =710 #$$a 152 hlm, ilus, 18 c =850 ##$$a Pancasila - Studi dan Pengajaran =020 ##$$a 979-676-169-6 =084 ##$$a 320.507 ABU p =250 ##$$a cet.1 =260 ##$$a Jakarta :$b Yudhistira,$c 2000 =300 ##$$a 152 hlm., ; $c 15 x 23 cm =990 ##$$a 166.778 - 166.779/Pb. 2001 =990 ##$$a DW00019962 =990 ##$$a 166.778 - 166.779/Pb. 2001 =990 ##$$a DW00019962 =990 ##$$a DW00019962 =990 ##$$a 166.778 - 166.779/Pb. 2001